Statistics for All songs from Spider-Man: Across the Spider-verse

Click here to take the quiz!

General Stats

  • This quiz has been taken 35 times
  • The average score is 8 of 13

Answer Stats

Artists featuredSong% Correct
James BlakeHummingbird
85%
Coi LeraySelf Love
85%
ASAP Rocky, RoiseeAm I Dreaming
78%
Swae Lee, Lil Wayne, OffsetAnnihilate
74%
Offset, JIDDanger
70%
NasNas Morales
67%
Swae Lee, NAV, A Boogie wit da HoodieCalling
63%
Don Toliver, Lil Uzi VertHome
59%
Ei8ht, OffsetSilk And Cologne
52%
Don Toliver, Wizkid, BEAM, ToianLink Up
48%
James Blake, ASAP Rocky, 21 SavageNonviolent Communication
48%
Future, Lil Uzi VertAll The Way Live
44%
Don Toliver, 21 Savage, 2 ChainzGivin' Up/Not The One
37%

Score Distribution

Percentile by Number Answered

Percent of People with Each Score

Your Score History

You have not taken this quiz